| 000 | 00835cam a2200253 a 4500 | ||
|---|---|---|---|
| 001 | 14842593 | ||
| 003 | OSt | ||
| 005 | 20150408114137.0 | ||
| 008 | 070508s2010 maua b 001 0 eng | ||
| 010 | _a 2007019296 | ||
| 020 | _a9781934015230 (hardcover with CD-ROM : alk. paper) | ||
| 040 | _aMa-Un | ||
| 050 | 0 | 0 |
_aQA297 _b.B88 2010 |
| 082 | 0 | 0 |
_a518 _222 |
| 100 | 1 |
_aButt, Rizwan. _936618 |
|
| 245 | 1 | 0 |
_aIntroduction to numerical analysis using MATLAB / _cRizwan Butt. |
| 260 |
_aSudbury, Mass. : _bJones and Bartlett Publishers, _cc2010. |
||
| 300 |
_axv, 814 p. : _bill. ; _c25 cm. + _e1CD-ROM (4 3/4 in.). |
||
| 490 | 0 | _aMathematics series | |
| 504 | _aIncludes bibliographical references (p. 801-808) and index. | ||
| 630 | 0 | 0 |
_aMATLAB. _94913 |
| 650 | 0 |
_aNumerical analysis _xData processing. _94567 |
|
| 942 |
_2ddc _cBOOK |
||
| 999 |
_c30438 _d264938 |
||